Almost There Survivors Quiz Stats

 Plays Quiz not verified by Sporcle

Also try: The Wire Nicknames
Challenge
Share
Tweet
Embed
Score 0/19 Timer 06:00
0 Plays Today
Season Survivor % Correct
BorneoRudy Boesch
96.3%
AfricaLex van den Berghe
93.5%
Australian OutbackKeith Famie
93.5%
All StarsJenna Lewis
93.5%
Amazon Rob Cesternino
93.1%
PalauIan Rosenberger
93.1%
MarquesasKathy Vavrick-O'Brien
91.2%
Pearl IslandsJon Dalton
91.2%
MicronesiaCirie Feilds
91.2%
FijiYau-Man Chan
89.4%
Season Survivor % Correct
Exile IslandTerry Deitz
88.4%
Cook IslandsSundra Oakley
88%
VanuatuScout 'Cloud' Lee
87.5%
GuatemalaRafe Judkins
87.5%
GabonMatty Whitmore
86.6%
TocantinsErinn Lobdell
86.6%
ChinaDenise Martin
84.7%
SamoaBrett Clouser
82.9%
Thailand Jan Gentry
82.4%

You're not logged in!

Compare scores with friends on all Sporcle quizzes.
OR
Log In

You Might Also Like...

Show Comments

Extras

Created Apr 19, 2010ReportNominate
Tags:council, final, season, survivor, tribal, vote

Top Quizzes Today


Score Distribution

Your Account Isn't Verified!

In order to create a playlist on Sporcle, you need to verify the email address you used during registration. Go to your Sporcle Settings to finish the process.

Report this User

Report this user for behavior that violates our Community Guidelines.

Details: